000
00328 a2200157 4500
001
182722
020
_a
85-13-01098-7
040
_c
Magnum
100
_a
Kafka, Franz
240
1
0
_a
A metamorfose
_l
por
245
1
0
_a
A metamorfose
300
_a
110
362
0
_a
2002
697
_a
LITERATURA GERAL ESTRANGEIRA
942
_c
BK
999
_c
182722
_d
182722